Central Library OPAC University of Rajshahi

The Ethiopian War, 1935-1941 / (Record no. 28133)

MARC details
000 -LEADER
fixed length control field 00982cam a2200289 4500
001 - CONTROL NUMBER
control field 28133
003 - CONTROL NUMBER IDENTIFIER
rucl marc code BD-RjUL
005 - DATE AND TIME OF LATEST TRANSACTION
control field 20211209051237.0
008 - FIXED-LENGTH DATA ELEMENTS--GENERAL INFORMATION
fixed length control field 700512s1969 ilub b 001 0 eng d
020 ## - INTERNATIONAL STANDARD BOOK NUMBER
International Standard Book Number 0226142175
035 ## - SYSTEM CONTROL NUMBER
System control number (BD-RjUL)28214
040 ## - CATALOGING SOURCE
Original cataloging agency DLC
Transcribing agency DLC
Modifying agency DLC
-- BD-RjUL
Language of cataloging eng
041 1# - LANGUAGE CODE
Language code of text/sound track or separate title eng
Language code of original ita
082 00 - DEWEY DECIMAL CLASSIFICATION NUMBER
Classification number 963.065
Author mark and year BOE 1969
100 1# - MAIN ENTRY--PERSONAL NAME
Personal name Del Boca, Angelo,
Dates associated with a name 1925-
9 (RLIN) 86217
245 14 - TITLE STATEMENT
Title The Ethiopian War, 1935-1941 /
Statement of responsibility, etc. Translated from the Italian by P. D. Cummins.
260 ## - PUBLICATION, DISTRIBUTION, ETC. (IMPRINT)
Place of publication, distribution, etc. Chicago :
Name of publisher, distributor, etc. University of Chicago Press,
Date of publication, distribution, etc. 1969.
300 ## - PHYSICAL DESCRIPTION
Pagination ix, 289 p. :
Illustrations ill. ;
Size 23 cm.
500 ## - GENERAL NOTE
General note Translation of La guerra d'Abissinia.
504 ## - BIBLIOGRAPHY, ETC. NOTE
Bibliography, etc Bibliographical footnotes. and Index
650 #0 - SUBJECT ADDED ENTRY--TOPICAL TERM
Topical term or geographic name as entry element Italo-Ethiopian War, 1935-1936.
9 (RLIN) 86218
710 2# - ADDED ENTRY--CORPORATE NAME
Corporate name or jurisdiction name as entry element Thomas Leiper Kane Collection (Library of Congress. Hebraic Section)
Institution to which field applies DLC
9 (RLIN) 68593
942 ## - ADDED ENTRY ELEMENTS (KOHA)
Source of classification or shelving scheme Dewey Decimal Classification
Koha item type Books
Holdings
Lost status Source of classification or shelving scheme Damaged status Not for loan Collection code Permanent Location Current Location Shelving location Date acquired Source of acquisition Cost, normal purchase price Total Checkouts Full call number Date last seen Copy number Koha item type
  Dewey Decimal Classification   Added to bundle Non-fiction Central Library, University of Rajshahi Central Library, University of Rajshahi Reading Room 28/10/1970 Sweets & Zeitlenger 76.00   963.065 BOE 1969 29/03/2014 C-1 Books